000 00572cam a22002053a 4500
001 44754
003 PGUSA
005 20140828084025.0
008 140126s2014||||xxu|||||s|||||000 | eng d
040 _aPGUSA
_beng
042 _adc
100 1 _aKohn, Eugene
245 1 2 _aA Manual for Teaching Biblical History
_h[electronic resource] /
_cEugene Kohn
260 _bProject Gutenberg,
_c2014
506 _aPublic domain in the USA.
516 _aElectronic text
830 0 _aProject Gutenberg
_v44754
856 4 0 _uhttp://www.gutenberg.org/ebooks/44754
942 _cEB
999 _c274005
_d274005